[Event "IX Festival A"]
[Site "Montecatini Terme ITA"]
[Date "2000.07.30"]
[Round "2"]
[White "Mola, Pietro"]
[Black "Godena, Michele"]
[Result "0-1"]
[WhiteElo "2250"]
[BlackElo "2485"]
[PlyCount "78"]
[EventDate "2000.07.29"]

1. d4 d5 2. Nf3 Bf5 3. c4 e6 4. Nc3 Nc6 5. Bf4 Nf6 6. cxd5 exd5 7. e3 a6 8. Ne5
Nxe5 9. Bxe5 c6 10. Qf3 Qb6 11. Qe2 Ne4 12. Nxe4 Bxe4 13. f3 Bg6 14. Kf2 f6 15.
Bf4 Be7 16. h4 h5 17. g3 O-O 18. Bh3 c5 19. dxc5 Bxc5 20. Rhd1 d4 21. Rxd4 Bxd4
22. Qc4+ Bf7 23. Qxd4 Qxd4 24. exd4 Rad8 25. Be3 Rfe8 26. a3 Be6 27. Bxe6+ Rxe6
28. Rc1 Rc6 29. Rxc6 bxc6 30. Ke2 a5 31. b4 axb4 32. axb4 Ra8 33. g4 hxg4 34.
fxg4 Ra4 35. Bd2 Ra3 36. Be3 Rb3 37. g5 fxg5 38. hxg5 Kf7 39. Kf2 Rxb4 0-1

[Event "IX Festival A"]
[Site "Montecatini Terme ITA"]
[Date "2000.07.30"]
[Round "2"]
[White "Murgia, Andrea"]
[Black "Wall, Gavin"]
[Result "1-0"]
[WhiteElo "2131"]
[BlackElo "2384"]
[PlyCount "135"]
[EventDate "2000.07.29"]

1. e4 e5 2. Nf3 d6 3. Bc4 Be7 4. O-O Nf6 5. Qe2 O-O 6. c3 c6 7. Bb3 Bg4 8. h3
Bh5 9. d3 Na6 10. Be3 Nd7 11. g4 Bg6 12. Nbd2 Nac5 13. Bc2 d5 14. b4 Ne6 15.
Bb3 dxe4 16. dxe4 Nf4 17. Bxf4 exf4 18. Rad1 Qc7 19. Rfe1 a5 20. bxa5 Rxa5 21.
Nc4 Rc5 22. e5 Kh8 23. e6 Nf6 24. Nce5 Rxc3 25. exf7 Bc5 26. Nxg6+ hxg6 27. Qe5
Qxe5 28. Nxe5 Kh7 29. Rc1 Rxc1 30. Rxc1 Bd6 31. Nf3 Nd5 32. Bxd5 cxd5 33. Rb1
Rb8 34. a4 g5 35. Nxg5+ Kg6 36. h4 b6 37. a5 b5 38. a6 b4 39. a7 Ra8 40. Rd1
Be7 41. Rxd5 Bxg5 42. Rxg5+ Kxf7 43. Rf5+ Ke6 44. Rxf4 b3 45. Rb4 Rxa7 46. Rxb3
Ra4 47. Rb6+ Kf7 48. f3 Ra2 49. h5 Rc2 50. Kf1 Rh2 51. Ke1 Ke7 52. Rg6 Kf7 53.
Rd6 Ke7 54. Rd2 Rh1+ 55. Kf2 Kf6 56. Kg2 Ra1 57. Kg3 Ra3 58. Rd6+ Ke7 59. Rg6
Kf7 60. g5 Ra1 61. Rb6 Rh1 62. Kg4 Ra1 63. Rb7+ Kf8 64. g6 Ra2 65. f4 Rh2 66.
Kg5 Rh1 67. Rb8+ Ke7 68. Rg8 1-0

[Event "IX Festival A"]
[Site "Montecatini Terme ITA"]
[Date "2000.07.30"]
[Round "2"]
[White "Naumkin, Igor"]
[Black "Nannelli, Paolo"]
[Result "1-0"]
[WhiteElo "2440"]
[BlackElo "2217"]
[PlyCount "67"]
[EventDate "2000.07.29"]

1. d4 g6 2. c4 Bg7 3. Nc3 d6 4. e4 e5 5. Nf3 exd4 6. Nxd4 Nf6 7. Be2 O-O 8. O-O
Re8 9. f3 Nh5 10. g4 Nf6 11. Be3 h5 12. g5 Nh7 13. f4 Bh3 14. Rf2 c6 15. Kh1
Qe7 16. Qd2 Na6 17. Rg1 Nc5 18. Bf3 Bg4 19. Bg2 Nxe4 20. Nxe4 d5 21. cxd5 cxd5
22. f5 Bxd4 23. fxg6 fxg6 24. Nf6+ Nxf6 25. Qxd4 Qxe3 26. Qxf6 Qd3 27. Qf7+ Kh8
28. Qxb7 Bf5 29. Rf3 Qd2 30. Rxf5 gxf5 31. g6 Qh6 32. Bxd5 Qg7 33. Qb3 f4 34.
Qf3 1-0

[Event "IX Festival A"]
[Site "Montecatini Terme ITA"]
[Date "2000.07.30"]
[Round "2"]
[White "Sax, Gyula"]
[Black "Nelli, Luca"]
[Result "1-0"]
[WhiteElo "2563"]
[BlackElo "2279"]
[PlyCount "57"]
[EventDate "2000.07.29"]

1. e4 e5 2. Nf3 Nc6 3. Bb5 a6 4. Ba4 Nf6 5. O-O b5 6. Bb3 Bb7 7. d3 Bc5 8. c4
b4 9. Ba4 Qe7 10. Nbd2 O-O 11. Nb3 Bb6 12. Nh4 d6 13. Bd2 a5 14. a3 Bc5 15. Kh1
Qe6 16. f4 exf4 17. Bxf4 Bb6 18. Bg5 Nd7 19. Bxc6 Bxc6 20. Nf5 Bb7 21. Bh6 g6
22. Nbd4 Qe5 23. Nf3 Qxb2 24. Ne7+ Kh8 25. Bxf8 Rxf8 26. axb4 Qxb4 27. Ng5 Kg7
28. Qf3 h6 29. Qxf7+ 1-0

[Event "IX Festival A"]
[Site "Montecatini Terme ITA"]
[Date "2000.07.30"]
[Round "2"]
[White "Schaefer, Michael"]
[Black "De Gleria, Francesco"]
[Result "1-0"]
[WhiteElo "2221"]
[BlackElo "2446"]
[PlyCount "59"]
[EventDate "2000.07.29"]

1. d4 Nf6 2. c4 g6 3. Nc3 Bg7 4. Nf3 O-O 5. Bf4 d6 6. h3 b6 7. e3 Bb7 8. Be2
Nbd7 9. O-O e6 10. Rc1 Qe7 11. b4 a5 12. a3 axb4 13. axb4 Ne4 14. Nxe4 Bxe4 15.
Nd2 Bb7 16. Nb3 Ra3 17. c5 dxc5 18. dxc5 Bd5 19. c6 Nf6 20. Nd4 e5 21. Nb5 Ra2
22. Bg5 Rd8 23. Qe1 Rb2 24. Bg4 e4 25. Bd7 Be6 26. Bxe6 fxe6 27. Rc4 Qe8 28.
Nxc7 Qf7 29. Nb5 Bf8 30. Qc3 1-0

[Event "IX Festival A"]
[Site "Montecatini Terme ITA"]
[Date "2000.07.30"]
[Round "2"]
[White "Tjiam, Dharma"]
[Black "Frigieri, Fabrizio"]
[Result "1/2-1/2"]
[WhiteElo "2333"]
[BlackElo "2075"]
[PlyCount "87"]
[EventDate "2000.07.29"]

1. d4 d5 2. c4 dxc4 3. Nf3 c5 4. d5 e6 5. Nc3 Nf6 6. e4 exd5 7. e5 d4 8. exf6
dxc3 9. Qxd8+ Kxd8 10. Bxc4 Be6 11. Bxe6 fxe6 12. Bg5 Kc7 13. O-O-O cxb2+ 14.
Kxb2 Nc6 15. Rhe1 gxf6 16. Bxf6 Rg8 17. Ng5 Nd4 18. h4 Bg7 19. Bxg7 Rxg7 20.
Rxd4 Rxg5 21. hxg5 cxd4 22. Rxe6 Rf8 23. Rf6 Re8 24. Kc2 Re2+ 25. Kd3 Rxa2 26.
Kxd4 a5 27. f4 Rxg2 28. Rf7+ Kc6 29. Rxh7 a4 30. Rh8 a3 31. Ra8 a2 32. g6 Rxg6
33. Rxa2 Rd6+ 34. Ke5 Rd5+ 35. Ke4 Rd1 36. Ke5 b5 37. Rc2+ Kb6 38. f5 b4 39.
Rf2 Kc5 40. f6 Re1+ 41. Kf5 Re8 42. f7 Rf8 43. Ke6 b3 44. Ke7 1/2-1/2

[Event "IX Festival A"]
[Site "Montecatini Terme ITA"]
[Date "2000.07.30"]
[Round "2"]
[White "Trabert, Bettina"]
[Black "Ortega, Lexy"]
[Result "1/2-1/2"]
[WhiteElo "2259"]
[BlackElo "2491"]
[PlyCount "52"]
[EventDate "2000.07.29"]

1. e4 c5 2. c3 d5 3. exd5 Qxd5 4. d4 Nf6 5. Nf3 Bg4 6. Be2 e6 7. h3 Bh5 8. O-O
Nc6 9. Be3 cxd4 10. Nxd4 Bxe2 11. Qxe2 Bc5 12. Nxc6 Qxc6 13. Bxc5 Qxc5 14. Nd2
O-O-O 15. Rfd1 Qb6 16. Nc4 Qa6 17. b3 Rd5 18. Qf3 Rhd8 19. Rxd5 Rxd5 20. Rd1
Qxa2 21. Rxd5 exd5 22. Nd6+ Kd7 23. Nxb7 Kc6 24. Nd8+ Kd7 25. Nb7 Kc6 26. Nd8+
Kd7 1/2-1/2

[Event "IX Festival A"]
[Site "Montecatini Terme ITA"]
[Date "2000.07.30"]
[Round "2"]
[White "Turturici, Pellegrino"]
[Black "Komarov, Dimitri"]
[Result "0-1"]
[WhiteElo "2012"]
[BlackElo "2556"]
[PlyCount "62"]
[EventDate "2000.07.29"]

1. c4 Nf6 2. Nc3 e5 3. Nf3 Nc6 4. g3 Bb4 5. Bg2 O-O 6. O-O Bxc3 7. bxc3 e4 8.
Nd4 h6 9. Ba3 Re8 10. Nc2 d5 11. cxd5 Qxd5 12. Ne3 Qh5 13. f3 exf3 14. Bxf3 Ng4
15. Nxg4 Bxg4 16. Rb1 Bxf3 17. exf3 b6 18. d4 Re3 19. Qa4 Re2 20. h4 Qg6 21. g4
Rae8 22. Rb2 Na5 23. Qb5 R2e3 24. Bb4 Nc6 25. Rg2 a5 26. h5 Qf6 27. Ba3 Rxf3
28. Rxf3 Qxf3 29. Bb2 Re1+ 30. Kh2 Qf4+ 31. Rg3 Qf2+ 0-1

[Event "IX Festival A"]
[Site "Montecatini Terme ITA"]
[Date "2000.07.30"]
[Round "2"]
[White "Vezzosi, Paolo"]
[Black "Mauro, Alan"]
[Result "0-1"]
[WhiteElo "2421"]
[BlackElo "2214"]
[PlyCount "52"]
[EventDate "2000.07.29"]

1. d4 Nf6 2. c4 g6 3. Nc3 Bg7 4. e4 d6 5. Be2 O-O 6. Be3 e5 7. Nf3 exd4 8. Nxd4
Re8 9. f3 c6 10. Qd2 d5 11. exd5 cxd5 12. c5 Nc6 13. Ncb5 Qe7 14. Bf2 Nh5 15.
Nxc6 bxc6 16. Nd6 Bh6 17. Qc2 Ba6 18. Nxe8 Rxe8 19. O-O Qxe2 20. Qa4 Be3 21.
Qxc6 Bxf2+ 22. Rxf2 Qe1+ 23. Rf1 Qe3+ 24. Rf2 Re6 25. Qxd5 Nf4 26. Qd8+ Re8 0-1

[Event "IX Festival A"]
[Site "Montecatini Terme ITA"]
[Date "2000.07.30"]
[Round "2"]
[White "Wustefeld, Carl"]
[Black "Van der Werf, Mark"]
[Result "1/2-1/2"]
[WhiteElo "2214"]
[BlackElo "2429"]
[PlyCount "141"]
[EventDate "2000.07.29"]

1. e4 c5 2. d4 cxd4 3. c3 dxc3 4. Nxc3 Nc6 5. Nf3 d6 6. Bc4 a6 7. O-O Nf6 8. e5
dxe5 9. Qxd8+ Nxd8 10. Nxe5 e6 11. Rd1 Nd7 12. Nf3 Be7 13. Ne4 b5 14. Be2 Bb7
15. Nd6+ Bxd6 16. Rxd6 Bd5 17. a4 Nb7 18. Rxd5 exd5 19. axb5 a5 20. Nd4 O-O 21.
Bd2 Ndc5 22. Ra3 Rfe8 23. Kf1 Ne4 24. Be1 Nbd6 25. Nc6 Nc4 26. Bxc4 dxc4 27.
Nxa5 Nd6 28. b6 Rab8 29. b7 Nxb7 30. Nxc4 Rec8 31. Ne3 Nd6 32. Bc3 Nc4 33. Nxc4
Rxc4 34. g3 h6 35. h4 Rb5 36. Ra8+ Kh7 37. Rd8 h5 38. Rd7 Kg6 39. Rd6+ f6 40.
Rd7 Re4 41. Rd8 Re6 42. Rd7 Rbb6 43. Rd4 Rbd6 44. Rf4 Rd1+ 45. Kg2 Re2 46. Bd4
Rdd2 47. b4 Kh7 48. Bc5 Rb2 49. Rf5 Kg6 50. Rf3 Red2 51. Ra3 Rd7 52. Ra8 Kf5
53. Re8 Rd1 54. Kf3 Rb3+ 55. Ke2 Rbb1 56. Kf3 Rb2 57. Re7 Rd3+ 58. Re3 Rd7 59.
Re8 g6 60. Re1 g5 61. hxg5 fxg5 62. Re8 Rb3+ 63. Ke2 Rd5 64. Rg8 Rb2+ 65. Ke3
Rbd2 66. Kf3 R5d3+ 67. Kg2 Re2 68. Kf1 Re5 69. Kg2 g4 70. Rf8+ Kg6 71. Rg8+
1/2-1/2

[Event "IX Festival A"]
[Site "Montecatini Terme ITA"]
[Date "2000.07.31"]
[Round "3"]
[White "Cavatorta, Fosco"]
[Black "Friedrich, Norbert"]
[Result "1/2-1/2"]
[WhiteElo "2014"]
[BlackElo "2239"]
[PlyCount "53"]
[EventDate "2000.07.29"]

1. Nf3 c5 2. g3 Nc6 3. Bg2 g6 4. O-O Bg7 5. d3 d6 6. e4 e5 7. Nc3 Nge7 8. Bg5
O-O 9. Qd2 f6 10. Be3 f5 11. Ng5 f4 12. gxf4 exf4 13. Bxf4 Nd4 14. Kh1 Nec6 15.
Nd5 h6 16. Nh3 g5 17. Bg3 Bxh3 18. Bxh3 h5 19. f4 g4 20. Bg2 h4 21. c3 hxg3 22.
hxg3 Ne6 23. Qe2 Nc7 24. Nxc7 Qxc7 25. Qxg4 Rae8 26. e5 Qf7 27. Be4 1/2-1/2

[Event "IX Festival A"]
[Site "Montecatini Terme ITA"]
[Date "2000.07.31"]
[Round "3"]
[White "De Gleria, Francesco"]
[Black "Gazzarri, Alberto"]
[Result "1-0"]
[WhiteElo "2446"]
[BlackElo "2208"]
[PlyCount "69"]
[EventDate "2000.07.29"]

1. e4 e5 2. Nf3 Nc6 3. d4 exd4 4. Nxd4 Nf6 5. Nxc6 bxc6 6. e5 Qe7 7. Qe2 Nd5 8.
c4 Ba6 9. b3 f6 10. g3 fxe5 11. Bg2 Qf6 12. O-O O-O-O 13. Bb2 Re8 14. a3 h5 15.
Qd2 Nb6 16. Qa5 Bb7 17. c5 Nd5 18. Qxa7 h4 19. Nc3 hxg3 20. hxg3 Qh6 21. Rfe1
Qh2+ 22. Kf1 Rh6 23. Ne4 Be7 24. Rac1 Rg6 25. Bxe5 Rf8 26. Rc4 Rf5 27. Nd6+
cxd6 28. Bxd6 Rxf2+ 29. Kxf2 Rf6+ 30. Rf4 Rxf4+ 31. gxf4 Bh4+ 32. Kf1 Nc7 33.
Re8+ Bd8 34. Rxd8+ Kxd8 35. Qb8+ 1-0

[Event "IX Festival A"]
[Site "Montecatini Terme ITA"]
[Date "2000.07.31"]
[Round "3"]
[White "Ferri, Stefano"]
[Black "Mola, Pietro"]
[Result "1-0"]
[WhiteElo "2089"]
[BlackElo "2250"]
[PlyCount "81"]
[EventDate "2000.07.29"]

1. d4 Nf6 2. Nf3 e6 3. c4 b6 4. Nc3 Bb4 5. Bg5 Bb7 6. Rc1 h6 7. Bxf6 Qxf6 8. e3
Bxf3 9. Qxf3 Qxf3 10. gxf3 Nc6 11. Ke2 Bxc3 12. Rxc3 e5 13. dxe5 Nxe5 14. f4
Ng6 15. Kf3 O-O-O 16. c5 Nh4+ 17. Kg4 g5 18. f5 Kb7 19. Bd3 c6 20. a4 f6 21.
Rhc1 Rhe8 22. b4 Re5 23. e4 Ng2 24. f3 Nf4 25. Bf1 a6 26. b5 axb5 27. axb5 cxb5
28. c6+ dxc6 29. Rxc6 Rc5 30. R1xc5 bxc5 31. Rxf6 Rd1 32. Rxh6 Rxf1 33. f6 Rd1
34. f7 Rd8 35. Kxg5 Ne2 36. Rd6 Rc8 37. e5 c4 38. e6 c3 39. Rd1 c2 40. Ra1 Nd4
41. e7 1-0

[Event "IX Festival A"]
[Site "Montecatini Terme ITA"]
[Date "2000.07.31"]
[Round "3"]
[White "Frigieri, Fabrizio"]
[Black "Dittmar, Peter"]
[Result "1/2-1/2"]
[WhiteElo "2075"]
[BlackElo "2364"]
[PlyCount "111"]
[EventDate "2000.07.29"]

1. e4 e6 2. d4 d5 3. Nc3 Nf6 4. e5 Nfd7 5. Nce2 c5 6. c3 Nc6 7. a3 a5 8. f4 f5
9. Nf3 Be7 10. h4 O-O 11. Ng5 Nb6 12. Ng3 h6 13. Qh5 Qe8 14. Qxe8 Rxe8 15. Nf3
cxd4 16. cxd4 a4 17. Bd2 Bd7 18. Bd3 Na7 19. Ba5 Nbc8 20. Ke2 Bb5 21. Bb4 Bxb4
22. axb4 Ne7 23. b3 axb3 24. Rhb1 Bc4 25. Nd2 Nb5 26. Ke3 Bxd3 27. Kxd3 Nc6 28.
Nxb3 Nxb4+ 29. Kd2 Na3 30. Rc1 Nc4+ 31. Ke2 b6 32. Nf1 Kf7 33. Nfd2 b5 34. Nc5
Nc6 35. Ndb3 Rec8 36. Nb7 Ke7 37. N7c5 N6a5 38. Kf2 Nxb3 39. Nxb3 b4 40. Ke2
Ra3 41. Nc5 Rca8 42. Nb3 Ra2+ 43. Ke1 R8a3 44. Rxa2 Rxa2 45. Ra1 Ra3 46. Rb1
Ra2 47. Nc5 Ne3 48. g3 Rh2 49. Rb3 Nc2+ 50. Kd1 Kf7 51. Na6 Nxd4 52. Rxb4 Ne2
53. Rb7+ Kg8 54. Rb8+ Kf7 55. Rb7+ Kg8 56. Rb8+ 1/2-1/2

[Event "IX Festival A"]
[Site "Montecatini Terme ITA"]
[Date "2000.07.31"]
[Round "3"]
[White "Genocchio, Daniele"]
[Black "Vezzosi, Paolo"]
[Result "0-1"]
[WhiteElo "2201"]
[BlackElo "2421"]
[PlyCount "56"]
[EventDate "2000.07.29"]

1. e4 c6 2. d3 d5 3. Nd2 e5 4. Ngf3 Bd6 5. d4 exd4 6. exd5 cxd5 7. Bb5+ Nc6 8.
O-O Qb6 9. c4 dxc3 10. Nc4 dxc4 11. Qxd6 Qxb5 12. Re1+ Be6 13. Bg5 cxb2 14.
Rad1 Nf6 15. Rxe6+ fxe6 16. Qxe6+ Ne7 17. Re1 Qd7 18. Qxc4 Rc8 19. Qb3 Qd5 20.
Qxb2 Rc7 21. Re5 Qc4 22. Qa3 h6 23. Bd2 Nfd5 24. Qd6 O-O 25. Qe6+ Rf7 26. Re4
Qc6 27. Qh3 Nf4 28. Bxf4 Qxe4 0-1

[Event "IX Festival A"]
[Site "Montecatini Terme ITA"]
[Date "2000.07.31"]
[Round "3"]
[White "Godena, Michele"]
[Black "Borgo, Giulio"]
[Result "1/2-1/2"]
[WhiteElo "2485"]
[BlackElo "2391"]
[PlyCount "33"]
[EventDate "2000.07.29"]

1. e4 d6 2. d4 Nf6 3. Nc3 c6 4. Nf3 Qa5 5. Bd2 Nbd7 6. Bc4 Qc7 7. Bb3 h6 8. a4
e5 9. Be3 Be7 10. O-O O-O 11. h3 Re8 12. Re1 Nf8 13. a5 Be6 14. d5 cxd5 15.
Nxd5 Nxd5 16. Bxd5 Nd7 17. Bxe6 1/2-1/2

[Event "IX Festival A"]
[Site "Montecatini Terme ITA"]
[Date "2000.07.31"]
[Round "3"]
[White "Guido, Flavio"]
[Black "Farago, Ivan"]
[Result "0-1"]
[WhiteElo "2303"]
[BlackElo "2486"]
[PlyCount "128"]
[EventDate "2000.07.29"]

1. e4 e6 2. d4 d5 3. e5 c5 4. c3 Qb6 5. Nf3 Nc6 6. Be2 cxd4 7. cxd4 Nge7 8. Nc3
Nf5 9. Na4 Bb4+ 10. Bd2 Qa5 11. Bc3 a6 12. O-O Bxc3 13. bxc3 b5 14. Nc5 Qxc3
15. Rc1 Qa3 16. Nxe6 Bxe6 17. Rxc6 O-O 18. Qb3 Qxb3 19. axb3 Rfc8 20. Rfc1 h6
21. h3 Kf8 22. R1c5 Ne7 23. Rd6 Rd8 24. Rb6 Rdb8 25. Rd6 Ke8 26. Bd3 Nc8 27.
Rdc6 Ra7 28. Rc7 Rxc7 29. Rxc7 Kd8 30. Rc5 Ne7 31. Kf1 Rc8 32. Rxc8+ Kxc8 33.
Ke2 Kc7 34. Ne1 Kb6 35. Nc2 a5 36. Kd2 b4 37. Ne1 Bd7 38. Bc2 Nc6 39. Ke3 a4
40. bxa4 Na5 41. Kd2 Nc4+ 42. Kc1 Ka5 43. Nd3 Bxa4 44. Nc5 Bxc2 45. Kxc2 Kb5
46. Nd7 Ka4 47. Nc5+ Ka3 48. Nb3 g5 49. g4 Nb6 50. Nd2 Ka2 51. Nb3 Na4 52. Nc1+
Ka3 53. f4 gxf4 54. h4 f3 55. Kd2 b3 56. Nxb3 Kxb3 57. g5 hxg5 58. h5 Nc3 59.
Ke3 g4 60. h6 Nd1+ 61. Kd2 f2 62. Ke2 g3 63. h7 g2 64. h8=Q f1=Q+ 0-1

[Event "IX Festival A"]
[Site "Montecatini Terme ITA"]
[Date "2000.07.31"]
[Round "3"]
[White "Hermann, Arnd"]
[Black "Martorelli, Antonio"]
[Result "0-1"]
[WhiteElo "2120"]
[BlackElo "2272"]
[PlyCount "65"]
[EventDate "2000.07.29"]

1. d4 d5 2. Nf3 c6 3. Bf4 Qb6 4. Qc1 f6 5. e3 g5 6. Bg3 h5 7. h3 Nh6 8. c4 Nf5
9. Bh2 g4 10. Nfd2 g3 11. Bxg3 Nxg3 12. fxg3 Bh6 13. Qc3 Qc7 14. e4 e5 15. dxe5
d4 16. Qxd4 O-O 17. Nf3 Rd8 18. Qc3 Nd7 19. c5 Nxe5 20. Nxe5 Qxe5 21. Bc4+ Kg7
22. Qxe5 fxe5 23. Ke2 Rd4 24. Bd3 Be6 25. Nc3 Kg6 26. b3 Kf7 27. Rhd1 Ke7 28.
Bc2 Rg8 29. Rxd4 exd4 30. Nd1 Rxg3 31. Kf2 d3 32. Bb1 h4 33. b4 0-1

[Event "IX Festival A"]
[Site "Montecatini Terme ITA"]
[Date "2000.07.31"]
[Round "3"]
[White "Klip, Hans"]
[Black "Grigore, George-Gabriel"]
[Result "1/2-1/2"]
[WhiteElo "2322"]
[BlackElo "2508"]
[PlyCount "84"]
[EventDate "2000.07.29"]

1. e4 c5 2. Nf3 Nc6 3. Bb5 g6 4. O-O Bg7 5. Re1 Nf6 6. c3 O-O 7. h3 e5 8. d4
cxd4 9. cxd4 exd4 10. e5 Nd5 11. Qb3 Nde7 12. Bf4 Qb6 13. Nbd2 Na5 14. Qa4 Nd5
15. Bg3 a6 16. Bc4 Qc5 17. Bd3 Nb6 18. Qd1 d5 19. exd6 Be6 20. b4 Qxb4 21. Rb1
Qa3 22. Bxg6 hxg6 23. Rxb6 Rad8 24. Be5 Qc5 25. Qb1 Bf5 26. Qb2 Nc6 27. Bxg7
Kxg7 28. Rxc6 bxc6 29. Nxd4 Kg8 30. N2f3 Rxd6 31. Re5 Rd5 32. Nxf5 gxf5 33.
Rxd5 Qxd5 34. Qf6 Qe6 35. Qh4 Qg6 36. Ne5 Qe6 37. Qg5+ Kh7 38. Qh5+ Kg7 39.
Qg5+ Kh7 40. Qh5+ Qh6 41. Qxf5+ Kg7 42. g4 Qxh3 1/2-1/2

[Event "IX Festival A"]
[Site "Montecatini Terme ITA"]
[Date "2000.07.31"]
[Round "3"]
[White "Komarov, Dimitri"]
[Black "Murgia, Andrea"]
[Result "1-0"]
[WhiteElo "2556"]
[BlackElo "2131"]
[PlyCount "74"]
[EventDate "2000.07.29"]

1. d4 f5 2. g3 Nf6 3. Bg2 g6 4. Nf3 Bg7 5. O-O O-O 6. c4 d6 7. Nc3 c6 8. Qb3
Qb6 9. Rd1 Qxb3 10. axb3 Na6 11. Ra4 Bd7 12. b4 Nc7 13. Ra5 Rfb8 14. Bf4 Rd8
15. Ne1 a6 16. Nc2 Rab8 17. h3 h6 18. Be3 Re8 19. d5 b6 20. Ra2 c5 21. Rb1 Rb7
22. bxc5 bxc5 23. Bxc5 Ne4 24. Nxe4 fxe4 25. Be3 e6 26. Bxe4 exd5 27. Bxg6 Reb8
28. cxd5 Nxd5 29. Rxa6 Nc3 30. Re1 Rxb2 31. Kh2 d5 32. Ra7 Bb5 33. Bc1 Ra2 34.
Rxa2 Nxa2 35. Bf4 Ra8 36. Bd3 Ba4 37. Ne3 d4 1-0

[Event "IX Festival A"]
[Site "Montecatini Terme ITA"]
[Date "2000.07.31"]
[Round "3"]
[White "Lanzani, Mario"]
[Black "Sax, Gyula"]
[Result "0-1"]
[WhiteElo "2419"]
[BlackElo "2563"]
[PlyCount "82"]
[EventDate "2000.07.29"]

1. e4 c5 2. Nf3 e6 3. d4 cxd4 4. Nxd4 a6 5. Nc3 Qc7 6. g3 Bb4 7. Bd2 Nf6 8. Bg2
Nc6 9. Nxc6 dxc6 10. O-O Be7 11. Be3 Nd7 12. f4 e5 13. Bh3 b5 14. Qf3 O-O 15.
Rad1 Nf6 16. Bxc8 Raxc8 17. g4 exf4 18. Bxf4 Qa7+ 19. Kh1 b4 20. Ne2 Rcd8 21.
Rxd8 Bxd8 22. g5 Ne8 23. Rd1 Bc7 24. Rd7 Qb8 25. Qg3 Bxf4 26. Qxf4 Qc8 27. Qd2
Nc7 28. Qd6 Ne6 29. Nd4 Nc5 30. Nf5 Qxd7 31. Ne7+ Kh8 32. Ng6+ hxg6 33. Qxf8+
Kh7 34. Qxc5 Qd1+ 35. Kg2 Qg4+ 36. Kf1 Qxe4 37. Qb6 Qf5+ 38. Ke1 Qxc2 39. Qxa6
Qc1+ 40. Kf2 Qxb2+ 41. Kg3 Qa3+ 0-1

[Event "IX Festival A"]
[Site "Montecatini Terme ITA"]
[Date "2000.07.31"]
[Round "3"]
[White "Mauro, Alan"]
[Black "Dervishi, Erald"]
[Result "0-1"]
[WhiteElo "2214"]
[BlackElo "2478"]
[PlyCount "84"]
[EventDate "2000.07.29"]

1. e4 e5 2. Nf3 Nc6 3. Bb5 a6 4. Ba4 Nf6 5. d3 b5 6. Bb3 Be7 7. O-O O-O 8. Nc3
d6 9. h3 Na5 10. Bg5 c6 11. Re1 h6 12. Bd2 Bd7 13. Ne2 Nxb3 14. axb3 a5 15. Ng3
c5 16. c3 Re8 17. Nh4 Nxe4 18. Nxe4 Bxh4 19. Qh5 Re6 20. g3 Be7 21. f4 exf4 22.
gxf4 Rg6+ 23. Kh2 d5 24. Ng3 Bh4 25. Rg1 Raa6 26. Qf3 Bxg3+ 27. Rxg3 Rxg3 28.
Qxg3 Rg6 29. Qf2 Bf5 30. Rg1 Rxg1 31. Qxg1 d4 32. cxd4 cxd4 33. Qe1 b4 34. Qe5
Bxd3 35. Be1 Bc2 36. Kg3 d3 37. Bd2 Bxb3 38. f5 f6 39. Qb5 Kh7 40. Qc5 Qb8+ 41.
Kg2 Qa8+ 42. Kf2 Qe4 0-1

[Event "IX Festival A"]
[Site "Montecatini Terme ITA"]
[Date "2000.07.31"]
[Round "3"]
[White "Menoni, Vincenzo"]
[Black "Mariano, Elia"]
[Result "1-0"]
[WhiteElo "2240"]
[BlackElo "2093"]
[PlyCount "59"]
[EventDate "2000.07.29"]

1. e4 c6 2. d4 d5 3. e5 Bf5 4. Nf3 e6 5. Be2 c5 6. Be3 Qb6 7. Nc3 Nc6 8. O-O
Qxb2 9. Nb5 O-O-O 10. dxc5 Qxc2 11. Qe1 Qe4 12. Ng5 Qxe5 13. Nxf7 Qf6 14. Nxd8
Qxd8 15. Nd4 Nge7 16. Qc3 Nxd4 17. Bxd4 Nc6 18. Rac1 Qc7 19. f4 Rg8 20. Bb5 g5
21. Bxc6 Qxc6 22. fxg5 Rxg5 23. Rf2 Rg8 24. Qa5 a6 25. Rb2 Be4 26. g3 Bd6 27.
Rb6 Qc7 28. c6 Bxg3 29. cxb7+ Kb8 30. Rxc7 1-0

[Event "IX Festival A"]
[Site "Montecatini Terme ITA"]
[Date "2000.07.31"]
[Round "3"]
[White "Ortega, Lexy"]
[Black "Vismara, Daniele"]
[Result "1-0"]
[WhiteElo "2491"]
[BlackElo "2246"]
[PlyCount "43"]
[EventDate "2000.07.29"]

1. d4 Nf6 2. Nf3 e6 3. c4 b6 4. g3 Ba6 5. Nbd2 Bb7 6. Bg2 Be7 7. Qc2 d5 8. cxd5
exd5 9. Ne5 O-O 10. O-O c5 11. Ndf3 Na6 12. Bh3 Nb4 13. Qd1 Bc8 14. Bg2 Bb7 15.
a3 Nc6 16. Bf4 Ne4 17. Rc1 f6 18. Nxc6 Bxc6 19. dxc5 bxc5 20. Nd4 Bd7 21. Qb3
c4 22. Qb7 1-0

[Event "IX Festival A"]
[Site "Montecatini Terme ITA"]
[Date "2000.07.31"]
[Round "3"]
[White "Skembris, Spyridon"]
[Black "Schaefer, Michael"]
[Result "1-0"]
[WhiteElo "2475"]
[BlackElo "2221"]
[PlyCount "65"]
[EventDate "2000.07.29"]

1. d4 Nf6 2. c4 g6 3. Nc3 d5 4. Nf3 Bg7 5. cxd5 Nxd5 6. e4 Nxc3 7. bxc3 c5 8.
Bb5+ Nc6 9. O-O cxd4 10. cxd4 O-O 11. Be3 Bg4 12. Bxc6 bxc6 13. Rc1 Bxf3 14.
Qxf3 Qa5 15. Qe2 Rfd8 16. Rc5 Qa4 17. Rc4 Qb5 18. Qc2 Rab8 19. e5 e6 20. Rxc6
Bf8 21. a4 Qd5 22. h4 Be7 23. Rc7 Rd7 24. h5 Bd8 25. Rxd7 Qxd7 26. Rc1 gxh5 27.
Qd1 f5 28. exf6 Bxf6 29. Qxh5 Rd8 30. Rc4 Kh8 31. Bg5 Qg7 32. Rc7 Qxg5 33.
Qxh7# 1-0

[Event "IX Festival A"]
[Site "Montecatini Terme ITA"]
[Date "2000.07.31"]
[Round "3"]
[White "Tischbierek, Raj"]
[Black "Belotti, Bruno"]
[Result "1-0"]
[WhiteElo "2521"]
[BlackElo "2417"]
[PlyCount "135"]
[EventDate "2000.07.29"]

1. g3 g6 2. Bg2 Bg7 3. d4 Nf6 4. e4 d6 5. Nc3 O-O 6. Nge2 e5 7. h3 Nc6 8. Be3
Bd7 9. O-O exd4 10. Nxd4 Re8 11. Re1 a6 12. a4 Na5 13. Qd3 c5 14. Nde2 Bc6 15.
Rad1 Nd7 16. f4 Nf6 17. g4 h6 18. Ng3 Qb6 19. Rb1 Qc7 20. b3 Rad8 21. Bd2 Rb8
22. Nd5 Bxd5 23. exd5 Rxe1+ 24. Rxe1 c4 25. Qf3 cxb3 26. cxb3 Qc2 27. Bb4 Nxb3
28. Bxd6 Rd8 29. Be7 Rd7 30. d6 Nd4 31. Qe3 Qc5 32. Bxf6 Bxf6 33. Ne4 Nf3+ 34.
Bxf3 Qxe3+ 35. Rxe3 Bd4 36. Kf1 f5 37. Rb3 fxe4 38. Bxe4 Rxd6 39. Rxb7 Rf6 40.
f5 gxf5 41. gxf5 Kf8 42. Rd7 Bc3 43. Ke2 Bb4 44. Rb7 a5 45. Kf3 Bd2 46. Rd7 Bb4
47. Rb7 Bd2 48. Bc2 Rf7 49. Rb6 Ke7 50. Ke2 Bf4 51. Ra6 Bc7 52. Rxh6 Rf6 53.
Rh7+ Kd6 54. Kf3 Rf8 55. Rh6+ Kd5 56. Bb3+ Ke5 57. Kg4 Bd8 58. Re6+ Kd4 59. h4
Bf6 60. Ra6 Kc3 61. Bd5 Kb4 62. h5 Kxa4 63. Rxf6 Rxf6 64. Kg5 Rd6 65. Be6 Rd2
66. f6 Rg2+ 67. Bg4 Rb2 68. f7 1-0

[Event "IX Festival A"]
[Site "Montecatini Terme ITA"]
[Date "2000.07.31"]
[Round "3"]
[White "Tjiam, Dharma"]
[Black "Sulava, Nenad"]
[Result "1-0"]
[WhiteElo "2333"]
[BlackElo "2549"]
[PlyCount "69"]
[EventDate "2000.07.29"]

1. d4 d5 2. c4 e6 3. Nc3 Nf6 4. cxd5 Nxd5 5. e4 Nxc3 6. bxc3 c5 7. Nf3 cxd4 8.
cxd4 Nc6 9. Be2 Bb4+ 10. Bd2 Bxd2+ 11. Qxd2 O-O 12. O-O e5 13. d5 Bg4 14. Rab1
Bxf3 15. Bxf3 b6 16. Bg4 Qd6 17. Rfd1 Nd4 18. f4 f6 19. Rbc1 Rae8 20. Rc3 g6
21. Rdc1 Kg7 22. h4 Re7 23. h5 gxh5 24. Bxh5 Kh8 25. f5 Rg7 26. Rh3 Qd7 27. Kh2
Rc8 28. Rxc8+ Qxc8 29. Qh6 Qf8 30. Bg6 Qe7 31. d6 Qb7 32. d7 Qxd7 33. Bxh7 Nf3+
34. gxf3 Qd2+ 35. Qxd2 1-0